| 000 | 00646nam a2200205Ia 4500 | ||
|---|---|---|---|
| 001 | 17839 | ||
| 003 | GE_BSU | ||
| 008 | 181216s||||||||xx |||||||||||||| ||und|| | ||
| 040 | _cGE_BSU | ||
| 080 | _a621.791 | ||
| 100 | _aФалькевич,А.С. | ||
| 245 | _aСварка магистральных и заводских трубопроводов. | ||
| 245 | _cВед. ред. Е.А.Шахмаева. | ||
| 260 | _aМ. | ||
| 260 | _bГостоптехиздат. | ||
| 260 | _c1958. | ||
| 300 | _a346 стр. 22 см. | ||
| 653 | _aСварка магистральных и заводских трубопроводов. | ||
| 942 | _cBK | ||
| 999 |
_c50884 _d50884 |
||